| 000 | 00899nmc a2200349 a 4500 | ||
|---|---|---|---|
| 003 | AR-BaBNM | ||
| 005 | 20251128204805.0 | ||
| 008 | 277019s1985 ||||||||||||||000 | spa|| | ||
| 020 | _a968-16-2135-2 | ||
| 040 | _cAR-BaBNM | ||
| 100 | 1 | _aLogan, F. Donald | |
| 245 | 1 | 0 | _aLos vikingos en la historia |
| 250 | _a1ª ed. | ||
| 260 |
_aMéxico, D.F. _bFondo de Cultura Económica _c1985 |
||
| 300 | 0 |
_a318 p. _bil., mapas, cuadros |
|
| 490 | 0 |
_aBreviarios _vv. 414 |
|
| 500 | 0 | _aLecturas selectas adicionales: p. 311-312 | |
| 650 | 4 | _aEDAD MEDIA | |
| 650 | 4 | _aHISTORIA MEDIEVAL | |
| 650 | 4 | _aHISTORIA EUROPEA | |
| 650 | 4 | _aVIAJES | |
| 650 | 4 | _aEXPLORACION | |
| 650 | 4 | _aCOSTUMBRES | |
| 651 | 4 | _aSuecia | |
| 651 | 4 | _aReino Unido | |
| 651 | 4 | _aGroenlandia | |
| 651 | 4 | _aIslandia | |
| 653 | 0 | _aVIKINGOS | |
| 700 | 1 |
_aHuarte, Clara _etraductor |
|
| 942 | _cBK | ||
| 998 | _cmariana | ||
| 999 |
_c8837 _d8837 |
||